01059 2200313 4500001002100000005001500021035002000036007000300056008004100059040002200100082002100122084002300143245012100166300004600287700005400333850001200387041001300399651002700412264006000439336002100499337003000520338002300550022001400573546005800587110003400645090002200679999002200701990002200723INLIS00000000086393020210823095526 a0010-0821000629ta190531s2019 yoia g s l ind d aYOPDYOGbinderda04223a315.09598272 a315.09598272 BAN k10aKecamatan Srandakan dalam angka 2019=Srandakan subdistrict in figures 2019 /cBadan Pusat Statistik Kabupaten Bantul axvii, 104 halaman :btabel, peta ;c20 cm0 aBadan Pusat Statistik Kota Yogyakartaepenyunting aYOPDYOG0 aindgeng 4aSrandakan--vStatistik31aBantul :bBadan Pusat Statistik Kabupaten Bantul,c2019 2rdacontentateks 2rdamediaatanpa perantara 2rdacarrieravolume a2614-9257 aTeks terdiri dari bahasa Indonesia dan bahasa Inggris2 aBantul. Badan Pusat Statistik aCB-D.11 2019-4204 aCB-D.11/2019-4204 aCB-D.11/2019-4204